000 00977nam0a2200289 4500
001 RU\NLR\BIBL_A\011400317
005 20240921101847.0
010 _a9785426601260
_9200
021 _aRU
_b2017-36745
_92688
035 _a(RuMoRGB)008889564
035 _a(NLR Aleph) 011400317
090 _a11504084
_c11504084
100 _a20170606d2016 k y0rusy50 ca
101 0 _arus
102 _aRU
105 _aahc|zzzz0|0zy
200 1 _aЭтюды о генеалогии
_fА. И. Баикина
210 _aТюмень
_cПечатник
_d2016
215 _a170 с.
_cил., цв. ил., портр., факс.
_d21
606 1 _aГенеалогия
_xИстория
_yРоссия
_92603494
_3RU\NLR\AUTH\661540052
686 1 _aТ214(2)0,02
700 1 _aБаикина
_bА. И
_f1939-
_gАнтонина Ивановна
942 _cBOOK
980 _aGENEAL02
980 _aNBR